Top 10 - Universités de France avec le plus d'inscrits - Statistiques

Statistiques générales
  • Ce quiz a été pris 109 fois
  • Le résultat moyen est 5 sur 10
Statistiques - réponses
Hint Réponse % Correct
49 020 Sorbonne Université
85%
65 646 Université d’Aix-Marseille
71%
39 542 Université de Lyon-I
68%
29 672 Université de Toulouse-II
59%
50 832 Université de Strasbourg
55%
47 362 Université de Bordeaux
52%
41 286 Université de Paris-I
28%
31 754 Université de Rouen
20%
30 613 Université de Paris-X
13%
36 957 Université de Paris-XII
9%
Aucun quiz correspondant
Distribution des résultats
% des personnes avec chaque résultat
Percentile par nombre de réponses
Votre historique - résultats
Vous n’avez pas pris ce quiz